personage d'anime (non fini) - Statistiques

Statistiques générales
  • Ce quiz a été pris 8 fois
    5 depuis la dernière actualisation
  • Le résultat moyen est 56 sur 63
Statistiques - réponses
Par images Réponse % Correct
Broly
100%
Brook
100%
Bulma
100%
Buu
100%
Chichi
100%
chopper
100%
Freezer
100%
Gaara
100%
Gai Maito
100%
Hashirama
100%
Itachi
100%
Kaguya
100%
Kakashi
100%
Killer Bee
100%
Kisame
100%
Krilin
100%
Luffy
100%
Madara
100%
Minato
100%
Mirai Trunks
100%
Nagato
100%
Nami
100%
Naruto
100%
Obito
100%
Piccolo jr
100%
Robin
100%
Sakura
100%
Sanji
100%
Sasuke
100%
Shikamaru
100%
Son Gohan
100%
Son Goku
100%
Son Goten
100%
Tortue Genial
100%
Tsunade
100%
Usopp
100%
Vegeta
100%
Yamato
100%
Zoro
100%
Barbe blanche
80%
Beerus
80%
C 17
80%
Cell
80%
Doflamingo
80%
Franky
80%
Hiruzen
80%
Kabuto
80%
Katakuri
80%
Law
80%
Mr Satan
80%
Orochimaru
80%
Shanks
80%
Videl
80%
Yamcha
80%
Bardock
60%
Gotenks
60%
jiraiya
60%
Mei
60%
oolong
60%
Puar
60%
Ten Shin Han
60%
Hagoromo
40%
Pilaf
40%
Aucun quiz correspondant
Distribution des résultats
% des personnes avec chaque résultat
Percentile par nombre de réponses
Votre historique - résultats
Vous n’avez pas pris ce quiz depuis la dernière actualisation